LEADER 01160nam a2200229 u 4500 001 000000069330 003 CaOOAMICUS 005 20070226121911.0 008 020412s1873 fr a u000 u fre u 035 $a10926337 040 $aPUL(R)$bita 100 1 $aHoussaye, Michel,$csac.$0(OLS)http://pul/name/13480 245 14$aLes carmélites de France et le cardinal de Bérulle ... /$cpar ... M. Houssaye ... ; suivie de la lettre pastorale de Mgr l'évêque de Poiters, aux religieuses carmélites de son diocèse des derniers brefs du souverain pontife et de lettres inédites du R. P. Coton .. 260 $aParis :$bE. Plon et Cie,$c1873. 300 $a123 p. :$bill. ;$c24 cm 504 $aBibliografia in nota. 600 14$aBérulle, Pierre de,$ccard.,$d1575-1629.$0(OLS)http://pul/subject/10090 850 $aPUL 852 $aPUL$W1$xDP1 Antico 800$y27$m126 B 22$j89764$nBK-PRI$b $qStampati Antico$B89765$CPULBib$Z2$F89765 $H $81 941 1 $a15 996 $6245$aLes carmélites de France et le cardinal de Bérulle ...$9(OLS)http://pul/title/91564 996 $6260$aParis :$bE. Plon et Cie$9(OLS)http://pul/publisher/72555 LEADER 01286nam a2200301 a 4500 001 000000134785 003 CaOOAMICUS 005 20130703104321.0 008 130703s1978 it u000 u ita r 040 $aPUL$bita 041 1 $aita$hger 100 1 $aSombart, Werner,$d1863-1941.$0(OLS)http://pul/name/9954 240 10$aBourgeois.$lItaliano.$0(OLS)http://pul/title/75868 245 13$aIl borghese :$blo sviluppo e le fonti dello spirito capitalistico /$cdi Werner Sombart ; presentazione di Franco Ferrarotti. 260 $aMilano :$bLonganesi,$c©1978. 300 $aXIV, 337 p. ;$c20 cm 490 1 $aBiblioteca (Longanesi & c.) ;$v01 504 $aNote bibliografiche. 650 4$aCapitalismo.$0(OLS)http://pul/subject/7257 700 1 $aFerrarotti, Franco,$d1926-$0(OLS)http://pul/name/4286 830 0$aBiblioteca (Longanesi & c.) ;$v01.$0(OLS)http://pul/title/75870 850 $aPUL 852 $aPUL$W1$xDP1 Fondo E. Rossi$y115$m1 S 106$j155025$qFondi$B154578$CPULBib$Z2$F154578 $82 941 1 $a1 961 $aSul dorso collocazione ms. di E. Rossi: S 40 8 996 $6245$aIl borghese :$blo sviluppo e le fonti dello spirito capitalistico$9(OLS)http://pul/title/75869 996 $6260$aMilano :$bLonganesi$9(OLS)http://pul/publisher/52306